<?xml version="1.0" encoding="UTF-8"?>
<marc:record xmlns:marc="http://www.loc.gov/MARC21/slim">
   <marc:leader>00000nam a2200000 a 4500</marc:leader>
   <marc:datafield ind1="1" ind2=" " tag="100">
      <marc:subfield code="a">Lerangis, Peter</marc:subfield>
      <marc:subfield code="4">aut</marc:subfield>
      <marc:subfield code="e">Verfasser/-in</marc:subfield>
   </marc:datafield>
   <marc:datafield ind1="1" ind2=" " tag="100">
      <marc:subfield code="a">Ohlsen, Tanja</marc:subfield>
   </marc:datafield>
   <marc:datafield ind1=" " ind2=" " tag="653">
      <marc:subfield code="a">Kinderbuch</marc:subfield>
   </marc:datafield>
   <marc:datafield ind1=" " ind2=" " tag="653">
      <marc:subfield code="a">Kinderbücher bis 11 Jahre</marc:subfield>
   </marc:datafield>
   <marc:datafield ind1="0" ind2="0" tag="245">
      <marc:subfield code="a">Seven Wonders - Der letzte Kampf des Dämons Bd.5</marc:subfield>
   </marc:datafield>
   <marc:datafield ind1="0" ind2="0" tag="245">
      <marc:subfield code="c">Peter Lerangis. Tanja Ohlsen</marc:subfield>
   </marc:datafield>
   <marc:datafield ind1=" " ind2="1" tag="264">
      <marc:subfield code="a">München</marc:subfield>
      <marc:subfield code="b">cbj</marc:subfield>
      <marc:subfield code="c">2016</marc:subfield>
   </marc:datafield>
   <marc:datafield ind1="1" ind2=" " tag="490">
      <marc:subfield code="a">Seven Wonders</marc:subfield>
      <marc:subfield code="v">J4223</marc:subfield>
   </marc:datafield>
   <marc:datafield ind1=" " ind2=" " tag="250">
      <marc:subfield code="a">1. Auflage</marc:subfield>
   </marc:datafield>
   <marc:datafield ind1="1" ind2=" " tag="520">
      <marc:subfield code="a">Jack, Cass, Marco und Aly sind die Auserwählten: Nur diese vier Freunde mit ihren Superkräften können die sieben magischen Gefäße finden, die einst in den sieben Weltwundern der Antike versteckt wurden. Wenn die Mission misslingt, ist die Menschheit in Gefahr!&lt;br/&gt;Der Götterkönig von Atlantis hat eines der magischen Gefäße und die Auserwählte Aly in seine Gewalt gebracht und durch eine Zeitspalte nach Atlantis entführt. Jack weiß nur eins: Sie müssen jetzt schnellstens die beiden restlichen Gefäße finden, wenn sie Aly wiedersehen wollen. Die Suche führt die Auserwählten zum Tempel der Artemis und zum Leuchtturm von Alexandria, wo sie zunächst von einem mächtigen Dämon verschluckt werden, bevor es ihnen gelingt, ihn zu besiegen. Doch am Ende stehen die Auserwählten vor der gewaltigsten Herausforderung ihrer Mission: Sie müssen zurück nach Atlantis, wenn sie sich selbst, ihre Freundin Aly  und die Welt retten wollen.</marc:subfield>
   </marc:datafield>
   <marc:datafield ind1=" " ind2=" " tag="020">
      <marc:subfield code="a">9783570171165</marc:subfield>
      <marc:subfield code="9">9783570171165</marc:subfield>
   </marc:datafield>
   <marc:datafield ind1=" " ind2=" " tag="041">
      <marc:subfield code="a">ger</marc:subfield>
   </marc:datafield>
   <marc:datafield ind1=" " ind2=" " tag="300">
      <marc:subfield code="b">Illustrationen</marc:subfield>
   </marc:datafield>
   <marc:datafield ind1="0" ind2=" " tag="490">
      <marc:subfield code="v">5</marc:subfield>
   </marc:datafield>
   <marc:datafield ind1="1" ind2=" " tag="521">
      <marc:subfield code="a">0</marc:subfield>
   </marc:datafield>
   <marc:datafield ind1=" " ind2=" " tag="300">
      <marc:subfield code="a">413 Seiten</marc:subfield>
   </marc:datafield>
</marc:record>
